Statistics for All of Me - John Legend (All Lyrics)

Click here to take the quiz!

General Stats

  • This quiz has been taken 1,362 times
  • The average score is 298 of 344

Answer Stats

All of Me% Correct
you?
100%
you
100%
all
99%
All
99%
I
99%
me
99%
of
99%
your
98%
And
97%
and
97%
Love
96%
my
96%
Pre-ChorusMy
96%
I'm
95%
be
92%
do
92%
Give
92%
give
92%
Loves
92%
Chorus | Post-ChorusCause
91%
perfect
91%
what
91%
Verse 1What
91%
to
90%
when
90%
you're
89%
You're
89%
imperfections
88%
in
87%
In
87%
out
87%
head
86%
I'll
86%
Even
85%
curves
84%
edges
84%
mind?
84%
mind
84%
would
84%
but
83%
But
83%
without
83%
beautiful
82%
down
81%
lose
81%
on
81%
under
81%
end
80%
water
80%
winnin'
80%
beginnin'
79%
heads
78%
head's
78%
breathin'
77%
can't
77%
crazy
77%
fine
77%
mouth?
77%
so
77%
got
76%
spinnin'
76%
kickin'
75%
no
75%
smart
74%
that
74%
goin'
72%
the
72%
The
72%
too
72%
know
71%
magical
70%
What's
70%
breathing
69%
don't
69%
alright
68%
crying
68%
kiddin'
67%
oh
67%
ride
67%
mystery
66%
have
65%
Verse 2How
65%
dizzy
64%
hit
64%
is
63%
it
62%
muse
62%
Drawin'
61%
tell
61%
blues
59%
many
59%
pin
59%
times
59%
worst
58%
world
57%
distraction
56%
for
56%
rhythm
56%
downfall
55%
You've
55%
It's
54%
every
53%
stop
50%
around
49%
beating
45%
table
45%
we're
45%
singing
44%
ringing
43%
Cards
42%
both
40%
hearts
40%
Risking
40%
showing
39%
though
37%
Through
37%
hard
36%
mood
35%

Score Distribution

Percentile by Number Answered

Percent of People with Each Score

Your Score History

You have not taken this quiz